| 000 | 00839nam a22002777a 4500 | ||
|---|---|---|---|
| 001 | BR9511222 | ||
| 003 | BR-BrBNA | ||
| 005 | 20230928094848.0 | ||
| 007 | ta | ||
| 008 | 230509b bl.||||| |||| 00| 0 por d | ||
| 040 |
_aBR-BrBNA _bpor _cBiblioteca Nacional de Agricultura |
||
| 041 | _a(Por) | ||
| 072 |
_aH20; E14 _b1000 _b4110 |
||
| 090 | _ 1000 BR9511222 | ||
| 110 | 1 |
_aSecretaria Nacional de Defesa Agropecuaria, Brasilia, DF (Brasil). Secretaria de Defesa Sanitaria Vegetal _99194 |
|
| 245 | 1 | _aProjeto de erradicacao do cancro citrico - Trienio 1980/82 | |
| 260 | 3 |
_aBrasilia, DF (Brasil): _c1979. |
|
| 300 | _a[vp] | ||
| 500 | _a11 ref. | ||
| 650 | _aFruta Citrica | ||
| 650 | _aCancro Citrico | ||
| 650 | _aErradicacao | ||
| 650 | _aProjeto de Desenvolvimento | ||
| 909 |
_a202309 _bLucia _c55 _dLucia Elande |
||
| 942 | _cBK | ||
| 999 |
_c53084 _d53084 |
||